Electrochemistry : (Record no. 18925)
[ view plain ]
| 000 -LEADER | |
|---|---|
| fixed length control field | 01235cam a2200349 a 4500 |
| 001 - CONTROL NUMBER | |
| control field | 2978122 |
| 005 - DATE AND TIME OF LATEST TRANSACTION | |
| control field | 20240818092949.0 |
| 008 - FIXED-LENGTH DATA ELEMENTS--GENERAL INFORMATION | |
| fixed length control field | 920807r20051993xxkadk fr2b f001 0 eng d |
| 010 ## - | |
| -- | 92029087 |
| 020 ## - INTERNATIONAL STANDARD BOOK NUMBER | |
| International Standard Book Number | 0198553897 (hbk.) |
| 020 ## - INTERNATIONAL STANDARD BOOK NUMBER | |
| International Standard Book Number | 0198553889 (pbk.) |
| 020 ## - INTERNATIONAL STANDARD BOOK NUMBER | |
| International Standard Book Number | 9780198553885 |
| 040 ## - CATALOGING SOURCE | |
| Original cataloging agency | DLC |
| Transcribing agency | DLC |
| Modifying agency | DLC |
| -- | EG-ScBUE |
| 082 00 - DEWEY DECIMAL CLASSIFICATION NUMBER | |
| Classification number | 541.37 |
| Edition number | 22 |
| Item number | BRE |
| 100 1# - MAIN ENTRY--PERSONAL NAME | |
| Personal name | Brett, Christopher M. A. |
| 9 (RLIN) | 37299 |
| 245 10 - TITLE STATEMENT | |
| Title | Electrochemistry : |
| Remainder of title | principles, methods, and applications / |
| Statement of responsibility, etc | Christopher M.A. Brett and Ana Maria Oliveira Brett. |
| 250 ## - EDITION STATEMENT | |
| Edition statement | 1st ed., |
| Remainder of edition statement | reprinted. |
| 260 ## - | |
| -- | Oxford, United Kingdom ; |
| -- | New York, United States : |
| -- | Oxford University Press, |
| -- | 2005. |
| 300 ## - PHYSICAL DESCRIPTION | |
| Extent | xxviii, 427 p. : |
| Other physical details | charts, forms, tables ; |
| Dimensions | 25 cm. |
| 336 ## - CONTENT TYPE | |
| Source | rdacontent |
| Content type term | text |
| Content type code | txt |
| 337 ## - MEDIA TYPE | |
| Media type term | unmediated |
| Source | rdamedia |
| Media type code | n |
| 338 ## - CARRIER TYPE | |
| Carrier type term | volume |
| Carrier type code | nc |
| Source | rdacarrier |
| 490 0# - SERIES STATEMENT | |
| Series statement | Oxford science publications |
| 500 ## - GENERAL NOTE | |
| General note | Index : p. 419-427. |
| 500 ## - GENERAL NOTE | |
| General note | Reprint of the 1993 ed. |
| 504 ## - BIBLIOGRAPHY, ETC. NOTE | |
| Bibliography, etc | Includes bibliographical references. |
| 650 #0 - SUBJECT ADDED ENTRY--TOPICAL TERM | |
| Topical term or geographic name as entry element | Electrochemistry |
| 9 (RLIN) | 5748 |
| 653 ## - INDEX TERM--UNCONTROLLED | |
| Resource For college | Engineering, Electrical |
| Arrived date list | January2015 |
| 655 ## - INDEX TERM--GENRE/FORM | |
| Form subdivision | |
| 9 (RLIN) | 34232 |
| 700 1# - ADDED ENTRY--PERSONAL NAME | |
| Personal name | Brett, Ana Maria Oliveira |
| 9 (RLIN) | 37300 |
| 942 ## - ADDED ENTRY ELEMENTS (KOHA) | |
| Source of classification or shelving scheme | Dewey Decimal Classification |
| Call number prefix | 541.37 BRE |
| Classification part | RDA-MOD |
| Withdrawn status | Lost status | Source of classification or shelving scheme | Damaged status | Not for loan | Collection code | Home library | Current library | Shelving location | Date acquired | Source of acquisition | Cost, normal purchase price | Serial Enumeration / chronology | Total Checkouts | Total Renewals | Full call number | Barcode | Checked out | Date last seen | Date checked out | Cost, replacement price | Price effective from | Koha item type |
|---|---|---|---|---|---|---|---|---|---|---|---|---|---|---|---|---|---|---|---|---|---|---|
| Dewey Decimal Classification | Baccah | Central Library | Central Library | First floor | 21/01/2015 | 465.00 | 21291 | 3 | 1 | 541.37 BRE | 000037349 | 18/03/2021 | 16/02/2021 | 16/02/2021 | 581.00 | 21/01/2015 | Book - Borrowing |